17th conference on applied mathematics Aplimat 2018 proceedings : february 6-8, 2018 Bratislava, Slovak Republic

Bibliographic Details
Corporate Author: Aplimat Bratislava, Slovensko (Author)
Other Authors: Szarková, Dagmar, 1950- (Editor), Richtáriková, Daniela (Editor), Letavaj, Peter, 1983- (Editor), Gabková, Jana, 1964- (Editor)
Format: Conference Proceeding Software eBook
Language:English
PhysicalDescription:1 CD-ROM farebný 12 cm
Published: Bratislava Slovak University of Technology Spektrum STU 2018
ISBN:9788022747653
Edition:First edition
Subjects:

MARC

LEADER 00000cam a2200000 4500
001 vtls011761848
003 SK-MaSNL
005 20260301095724.0
007 co cg auuua
008 180613s2018 xo | fqn 100 0 eng
015 |a SNBS2019 
020 |a 9788022747653  |q (elektronická kniha) 
040 |a SNK  |b slo  |c SNK  |e rda 
041 0 |a eng 
044 |a xo  |c SK 
072 7 |a 51  |x Matematika  |2 konspekt 
080 |a 51  |2 2011 
080 |a 51-7  |2 2011 
080 |a (062.534)  |2 2011 
080 |a (0.034.44)  |2 2011 
111 2 |a Aplimat  |n (17. :  |d 2018 :  |c Bratislava, Slovensko)  |4 aut  |9 431527 
245 1 0 |a 17th conference on applied mathematics Aplimat 2018  |b proceedings : february 6-8, 2018 Bratislava, Slovak Republic  |c editors: Dagmar Szarková, Daniela Richtáriková, Peter Letavaj, Jana Gabková 
246 3 |a Seventeenth conference on applied mathematics Aplimat 2018 
246 3 0 |a Conference on applied mathematics Aplimat 2018 
246 3 0 |a Aplimat 2018 
250 |a First edition 
264 1 |a Bratislava  |b Slovak University of Technology  |b Spektrum STU  |c 2018 
300 |a 1 CD-ROM  |b farebný  |c 12 cm 
336 |a text  |b txt  |2 rdacontent 
337 |a počítač  |b c  |2 rdamedia 
338 |a počítačový disk  |b cd  |2 rdacarrier 
347 |a textový súbor  |b PDF  |2 rda 
500 |a Nad názvom: Slovak University of Technology in Bratislava, Faculty of Mechanical Engineering 
504 |a Obsahuje bibliografické odkazy 
650 0 7 |a matematika  |2 SNKPH  |9 70174 
650 0 7 |a aplikovaná matematika  |2 SNKPH  |9 3498 
650 0 7 |a Mathematics  |2 SNKPHeng  |9 265620 
650 0 7 |a Applied mathematics  |2 SNKPHeng  |9 331287 
655 7 |a zborníky konferencií  |2 SNKPH  |9 70153 
655 7 |a CD-ROM  |2 SNKPH  |9 70236 
655 7 |a Proceedings of conferences  |2 SNKPHeng  |9 265791 
700 1 |a Szarková, Dagmar,  |d 1950-  |4 edt  |9 230697 
700 1 |a Richtáriková, Daniela  |4 edt  |9 12739 
700 1 |a Letavaj, Peter,  |d 1983-  |4 edt  |9 236016 
700 1 |a Gabková, Jana,  |d 1964-  |4 edt  |9 236014 
710 2 |a Slovenská technická univerzita v Bratislave.  |b Strojnícka fakulta  |4 pbl  |9 176081 
852 |a Štátna vedecká knižnica v Banskej Bystrici 
919 |a 978-80-227-4765-3 
958 |a NB 
999 |c 683959  |d 685889 
952 |a SNK  |b SNK  |y PREZ  |7 0  |p 17A1371866  |o snkSCDM 10524  |i snk2019/13410  |8 0  |0 0  |1 0  |4 0  |d 2019-05-15  |l 0  |r 2026-02-23 20:07:07  |w 2026-02-23 
952 |a SNK  |b SNK  |y PREZ  |7 0  |p 17A1371867  |o snkSCDM 10524 D1  |i snk2019/13411  |8 0  |0 0  |1 0  |4 0  |d 2019-05-15  |l 0  |r 2026-02-23 20:07:07  |w 2026-02-23